000 01300cam a2200229 4500
001 WB3938-01
008 031009n2003 000 0 eng u
035 _a(Sirsi) u123883
245 _aNo more excuses for delivering mediocre buildings, says CABE
260 _c2003
490 _aCABE Press Release
_v7 October 2003, (3)
520 _a"Creating excellent buildings: a guide for clients" is launched by CABE. It lists ten factors required for the success of a building project. It insists that every project needs a client committed to design, and an ability to balance the pressures of cost, time and quality. It also outlines the client's role in delivering design quality for their building projects. The guide is published in conjunction with a series of workshops.
590 _aWB
650 _aCABE
650 _aBUILDING PROJECTS
650 _aDESIGN
650 _aCLIENT BRIEFING
690 _aBUILDING AND CONSTRUCTION-PROJECTS
856 _uhttps://www.cabe.org.uk/KDBVR8Z6khY=6k29WdDzeb-/news/press/press_release.html?press_release_id=272
_Z A copy of the press release is available from the CABE website...
856 _uhttps://www.cabe.org.uk/uRMpmKU9EhO=SB3EgFT6vW-/publications/index.html
_zA copy of the publication is available from the CABE website...
942 _n0
999 _c73580
_d73580